00628nam a22001937a 450000500170000001000150001702000260003203500130005803700130007108200150008410000180009924501340011725000110025126000460026227000620030830000270037050000190039770000180041620150625104929.0 aENG-113024 a9789350355275c495.00 aEN-96556 bDBAD/PUB a344.540999 aSharma, Vakul aInformation technology law and pratice :blaw & emerging technology cyber law & E- commerce /cby Vakul Sharma [and] Seema Sharma a4th ed aNew DelhibUniversal Law Publishingc2015 aA-58, G.T. Karnal Road Industrial AreabNew Delhie110033 axliii,562p.c24cm(pbk) aIncludes index aSharma, Seema